| 000 | 00477nam a2200181Ia 4500 | ||
|---|---|---|---|
| 003 | GCL | ||
| 008 | 140319s9999 xx 000 0 eng d | ||
| 040 |
_aGCL / _cGCL |
||
| 082 | 0 | 4 |
_aCH _b891.7 _bZ C |
| 100 | 1 | _aZHALEZNOVA, IRINA | |
| 245 | 1 | 0 |
_aTHE COCK WITH THE CRIMSON COMB / _cZHALEZNOVA, IRINA |
| 260 |
_a[S.N] : _bPROGRESS PUBLISHERS ، _c1976 |
||
| 650 | 0 | 4 | _aLITERATURE |
| 650 | 0 | 4 | _aCHILDREN |
| 650 | 0 | 4 | _aFICTION |
| 650 | 0 | 4 | _aCHILDREN - FICTION |
| 942 |
_2ddc _cBK |
||
| 999 |
_c15407 _d15407 |
||